Practical Plant Nematology / Rosa H. Manzanilla López, Nahúm Marbán Mendoza (Record no. 217205)
[ view plain ]
| 000 -CABECERA | |
|---|---|
| campo de control de longitud fija | 00774nam a2200217Ia 4500 |
| 001 - NÚMERO DE CONTROL | |
| campo de control | Para_9901 |
| 008 - DATOS DE LONGITUD FIJA--INFORMACIÓN GENERAL | |
| campo de control de longitud fija | 220602s9999 xx 000 0 und d |
| 020 ## - NÚMERO INTERNACIONAL ESTÁNDAR DEL LIBRO | |
| Número Internacional Estándar del Libro | 978 - 84 - 8476 - 567 - 7 |
| 082 ## - NÚMERO DE LA CLASIFICACIÓN DECIMAL DEWEY | |
| Número de clasificación | PA 595.182 P73 2012 |
| 245 ## - MENCIÓN DE TÍTULO | |
| Título | Practical Plant Nematology / Rosa H. Manzanilla López, Nahúm Marbán Mendoza |
| 260 ## - PUBLICACIÓN, DISTRIBUCIÓN, ETC. | |
| Lugar de publicación, distribución, etc. | México : Biblioteca básica de Agricultura |
| 300 ## - DESCRIPCIÓN FÍSICA | |
| Extensión | 883 p. |
| 500 ## - NOTA GENERAL | |
| Nota general | Incluye referencias Bibliográficas e índice |
| 650 ## - PUNTO DE ACCESO ADICIONAL DE MATERIA--TÉRMINO DE MATERIA | |
| Término de materia o nombre geográfico como elemento de entrada | Nemátodos \ Nemátodos parásitos de plantas |
| 9 (RLIN) | 175313 |
| 700 ## - PUNTO DE ACCESO ADICIONAL--NOMBRE DE PERSONA | |
| Nombre de persona | Manzanilla López, Rosa H., ed. \ Marbán Mendoza, Nahúm, ed.Ì |
| 9 (RLIN) | 185013 |
| 901 ## - ELEMENTOS DE DATOS A LOCAL LDA (RLIN) | |
| a | PA 595.182 P73 2012 |
| 902 ## - ELEMENTOS DE DATOS B LOCAL, LDB (RLIN) | |
| a | M |
| 905 ## - ELEMENTOS DE DATOS E LOCAL, LDE (RLIN) | |
| a | 5232202012 8000000300 06 |
| 942 ## - ELEMENTOS DE PUNTO DE ACCESO ADICIONAL (KOHA) | |
| Tipo de ítem Koha | Libro_ |
| Estado de retiro | Estado de pérdida | Fuente del sistema de clasificación o colocación | Estado dañado | Restricciones de uso | No para préstamo | Código de colección | Localización permanente | Ubicación/localización actual | Fecha de adquisición | Número de inventario | Total de préstamos | Renovaciones totales | Signatura topográfica completa | Código de barras | Fecha visto por última vez | Fecha del último préstamo | Número de copia | Precio válido a partir de | Tipo de ítem Koha | Nota pública |
|---|---|---|---|---|---|---|---|---|---|---|---|---|---|---|---|---|---|---|---|---|
| Dewey Decimal Classification | Préstamo 3 días | General | Parasitologia Agricola | Parasitologia Agricola | 22/10/2015 | (PA_010617) (No. UACh C/E) | 8 | 8 | PA 595.182 P73 2012 | 4102000798 | 11/12/2024 | 11/12/2024 | Ej.3 | 02/06/2022 | Libro | 3 | ||||
| Dewey Decimal Classification | Préstamo interno | General | Parasitologia Agricola | Parasitologia Agricola | 28/04/2014 | (PA_010029) (No. UACh C/E) | PA 595.182 P73 2012 | 4102000796 | 02/06/2022 | Ej.1 | 02/06/2022 | Libro | 3 | |||||||
| Dewey Decimal Classification | Préstamo 3 días | General | Parasitologia Agricola | Parasitologia Agricola | 22/10/2015 | (PA_010616) (No. UACh C/E) | 8 | 8 | PA 595.182 P73 2012 | 4102000797 | 15/10/2024 | 09/10/2024 | Ej.2 | 02/06/2022 | Libro | 3 |
